| 000 | 00663nam a2200217Ia 4500 | ||
|---|---|---|---|
| 003 | OSt | ||
| 005 | 20260409121110.0 | ||
| 008 | 210210b2020 xxu||||| |||| 00| 0 eng d | ||
| 020 | _a9789350132753 | ||
| 040 | _cAL | ||
| 041 | _ahin | ||
| 082 | _aH891.02 VARU | ||
| 100 |
_aVARMA (Omkarnath) _9201728 |
||
| 110 |
_bवर्मा ओमकारनाथ _9201729 |
||
| 245 |
_aUpkar UGC NTA NET/JRF/SET: Hindi _bयूजीसी /एनटीए /नेट /जेअरएफ /सेट : हिंदी |
||
| 260 |
_aAgra _bUpkar Prakashan _c2020 |
||
| 300 | _axvi,383+60 | ||
| 690 |
_aUGC/NET Exams _9201737 |
||
| 906 | _a074325 | ||
| 942 |
_2ddc _cBK |
||
| 999 |
_c124103 _d124103 |
||